000
00371nam a2200133Ia 4500
008
240531s9999 xx 000 0 und d
020
_a
978 7 10 005153 8
082
_a
951 071 ZHA
100
_a
Zhao, Jinming
245
0
_a
Han yu ke yi zhe yang jiao
650
_a
CHINESE LANGUAGE STUDY AND TEACHING
942
_c
NF
999
_c
351754
_d
351754